00511nam a2200181Ia 4500003000400000005001700004008004100021040001800062041000800080082002000088245005500108250001200163260006300175300001200238440000600250650003500256650003800291OSt20220207095811.0210716s2005 xx 000 0 und d cAIMIT LIBRARY aeng a658.4 21bICFA aCase studies in organizational culture /cBy ICFAI a1st ed. aHyderabad :bICFAI centre for management research ,c2005. a356p. ; vI aCisco's organizational culture aManaging cultural change at P & G